Secrets of success negotiating for women : From landing a big account to buying the car of your dreams and everything in between

Tallennettuna:
Bibliografiset tiedot
Päätekijä: Keller, Wendy
Aineistotyyppi: Kirja
Kieli:Undetermined
Julkaistu: Franklin Lakes, NJ. Career Press 2004
Aiheet:
Tagit: Lisää tagi
Ei tageja, Lisää ensimmäinen tagi!
Thư viện lưu trữ: Trung tâm Học liệu Trường Đại học Cần Thơ
LEADER 00633nam a2200205Ia 4500
001 CTU_127875
008 210402s9999 xx 000 0 und d
020 |c 244000 
082 |a 158.5 
082 |b K29 
100 |a Keller, Wendy 
245 0 |a Secrets of success negotiating for women : 
245 0 |b From landing a big account to buying the car of your dreams and everything in between 
245 0 |c Wendy Keller 
260 |a Franklin Lakes, NJ. 
260 |b Career Press 
260 |c 2004 
650 |a Negotiation in business.,Businesswomen. 
904 |i Minh 
980 |a Trung tâm Học liệu Trường Đại học Cần Thơ